Holiday Quiz

Random Holiday or Halloween Quiz

Halloween Character Sorting Quiz Stats

Quiz Updated Oct 29, 2014

Challenge
Share
Tweet
Embed
Score 0/25 Timer 04:00
9 Plays Today
% Correct
Casper
93.2%
Sabrina Spellman
93%
Broom-Hilda
92.6%
Glinda
92.5%
Count Chocula
92.3%
Dracula
90.7%
Lucifer
88.3%
Count von Count
87.3%
Hellboy
86.8%
Samantha Stevens
86.8%
Remus Lupin
83.7%
Danny Phantom
83%
Nearly Headless Nick
82%
% Correct
Fenrir Greyback
81.5%
Count Orlok
79.5%
Jacob Black
79.3%
Spawn
79.3%
Headless Horseman
77.3%
Edward Cullen
76.2%
Willow Rosenberg
73.2%
Baal
72.3%
Bloody Mary
71.8%
Azrael
70%
Eddie Munster
69.8%
Daniel 'Oz' Osbourne
59.6%

You're not logged in!

Compare scores with friends on all Sporcle quizzes.
Sign Up with Email
OR
Log In

You Might Also Like...

Show Comments

Extras

Top Quizzes Today


Score Distribution

Your Account Isn't Verified!

In order to create a playlist on Sporcle, you need to verify the email address you used during registration. Go to your Sporcle Settings to finish the process.